000 00812cam a2200241 a 4500
001 3557
005 20240322143047.0
020 _a9781604724288
040 _aDLC
_cDLC
_dDLC
_beng
050 0 0 _aQL666.C536
_b 2008
082 0 0 _a597.92
100 1 _aKarapetkova, Holly
245 1 0 _aSea turtles, what do you do? /
_cHolly Karapetkova
260 _aFlorida :
_bRourke Publishing ,
_c2009
300 _a14 unnumbered pages :
_bcolor illustrations ;
_c16 cm.
505 _aN
520 _aYoung children will love learning about one of their favorite sea creatures, sea turtles, with this rhyming, fact-filled book.
521 _a530
_bLexile
521 _aN
_bRaz-Plus
650 0 _aSea turtles
_vJuvenile literature
906 _a7
_bcbc
_corignew
_d1
_eecip
_f20
_gy-gencatlg
942 _2ddc
_cBK
_n0
999 _c3557
_d3557